Devine l'Isekai à partir de l'image - Statistiques

Statistiques générales
  • Ce quiz a été pris 18 fois
  • Le résultat moyen est 9 sur 24
Statistiques - réponses
Par images Réponse % Correct
No Game, No Life
90%
The Rising of the Shield Hero
90%
KonoSuba
70%
Log Horizon
60%
Overlord
60%
Tensei Shitara Slime Datta Ken
50%
Youjo Senki
50%
Arifureta
40%
Re:zero
40%
Suicide Squad ISEKAI
40%
The Eminence in Shadow
40%
Ascendance of a Bookworm
30%
By the Grace of the Gods
30%
Mushoku Tensei
30%
Skeleton Knight in Another World
30%
So, I'm a Spider, So What?
30%
The Faraway Paladin
30%
Farming Life in Another World
20%
In the Land of Leadale
20%
Knight's & Magic
20%
Kuma Kuma Kuma Bear
20%
Paripi Koumei
20%
Tsuki ga Michibiku Isekai Douchuu
20%
Meikyuu Black Company
10%
Aucun quiz correspondant
Distribution des résultats
% des personnes avec chaque résultat
Percentile par nombre de réponses
Votre historique - résultats
Vous n’avez pas pris ce quiz